[Event "Guernsey Open 2012"]
[Site "?"]
[Date "2012.10.24"]
[Round "4"]
[White "Rowe, Peter"]
[Black "Vonhoff, Nils"]
[Result "0-1"]
[WhiteElo "1986"]
[BlackElo "1777"]
[PlyCount "118"]
[EventDate "2012.10.21"]
[EventType "swiss"]
[SourceDate "2012.10.30"]

1. d4 d5 2. Nf3 Nf6 3. Bf4 c6 4. c3 g6 5. Nbd2 Bg7 6. h3 Nbd7 7. e3 O-O 8. Be2
a5 9. a4 e6 10. O-O b6 11. Rc1 Re8 12. Ne5 Bb7 13. c4 Bf8 14. Bg5 Be7 15. cxd5
Nxe5 16. dxe5 Nxd5 17. Bxe7 Rxe7 18. Nc4 Ba6 19. Nd6 Bxe2 20. Qxe2 Nb4 21. Rfd1
Rd7 22. Ne4 Rxd1+ 23. Rxd1 Qc7 24. Nf6+ Kg7 25. f4 Qe7 26. Rd7 Qf8 27. Ne4 Rd8
28. Rb7 Rb8 29. Rd7 Rd8 30. Rb7 Rb8 31. Rxb8 Qxb8 32. Nd6 Qd8 33. Qd2 Kf8 34.
Qc3 Ke7 35. Qe1 Kf8 36. Qg3 h6 37. Kh2 Qe7 38. e4 c5 39. h4 Nc6 40. Kh3 Nd4 41.
Qd3 g5 42. Qa6 f5 43. Qc8+ Kg7 44. Ne8+ Kg6 45. g3 gxf4 46. gxf4 Ne2 47. Nf6
Nxf4+ 48. Kh2 fxe4 49. Qg8+ Kf5 50. Qh8 Qf7 51. Qxh6 Qg6 52. Qxg6+ Nxg6 53. Nd7
Nxh4 54. Nxb6 Nf3+ 55. Kg3 Nxe5 56. Nc8 Nc4 57. b3 Nd2 58. Nd6+ Ke5 59. Nb5
Nxb3 0-1

[Event "Guernsey Open 2012"]
[Site "?"]
[Date "2012.10.24"]
[Round "4"]
[White "Kirk, Matthew"]
[Black "Angermuende, Dirk"]
[Result "0-1"]
[WhiteElo "1719"]
[BlackElo "2033"]
[PlyCount "38"]
[EventDate "2012.10.21"]
[EventType "swiss"]
[SourceDate "2012.10.30"]

1. d4 e6 2. c4 Nf6 3. Nf3 c5 4. d5 b5 5. dxe6 fxe6 6. cxb5 d5 7. g3 Bd6 8. Bh3
O-O 9. O-O e5 10. Bxc8 Qxc8 11. Bg5 Nbd7 12. Nbd2 h6 13. Bxf6 Nxf6 14. Nc4 Qe6
15. Na5 e4 16. Ne1 Be5 17. Rb1 Qh3 18. Nc6 Ng4 19. Qxd5+ Kh8 0-1

[Event "Guernsey Open 2012"]
[Site "?"]
[Date "2012.10.24"]
[Round "4"]
[White "Cummins, John"]
[Black "Downey, Keith"]
[Result "1/2-1/2"]
[WhiteElo "1844"]
[BlackElo "1957"]
[PlyCount "47"]
[EventDate "2012.10.21"]
[EventType "swiss"]
[SourceDate "2012.10.30"]

1. e4 c5 2. Nc3 Nc6 3. f4 g6 4. Nf3 Bg7 5. Bb5 Nd4 6. Bc4 e6 7. O-O d6 8. Kh1
Ne7 9. Nxd4 cxd4 10. Ne2 O-O 11. d3 a6 12. a4 b6 13. Bb3 Bd7 14. Ng3 Kh8 15.
Bd2 f5 16. exf5 exf5 17. Rf2 Qc7 18. Qe1 Rae8 19. Re2 Nc6 20. Rxe8 Rxe8 21. Qf2
a5 22. Re1 Qd8 23. Re2 Rxe2 24. Qxe2 1/2-1/2

[Event "Guernsey Open 2012"]
[Site "?"]
[Date "2012.10.24"]
[Round "4"]
[White "Oehne, Timo"]
[Black "Kearsley, Raymond J"]
[Result "1-0"]
[WhiteElo "1926"]
[BlackElo "1789"]
[PlyCount "63"]
[EventDate "2012.10.21"]
[EventType "swiss"]
[SourceDate "2012.10.30"]

1. e4 c5 2. Nc3 Nc6 3. g4 e6 4. Bg2 g6 5. Nge2 Bg7 6. d3 Nge7 7. Bf4 d6 8. h3
O-O 9. Qd2 e5 10. Bh6 Bxh6 11. Qxh6 Nd4 12. Qd2 Nec6 13. O-O f5 14. gxf5 gxf5
15. f4 Qh4 16. Nxd4 Nxd4 17. Qf2 Qh5 18. fxe5 dxe5 19. Qg3+ Qg6 20. Qxe5 Be6
21. Qxc5 Qg7 22. exf5 b6 23. Qd6 Rad8 24. Qh2 Bxf5 25. Kh1 Nxc2 26. Be4 Qh6 27.
Bxf5 Rxf5 28. Rxf5 Nxa1 29. Rf1 Re8 30. Ne4 Rf8 31. Rg1+ Kh8 32. Qe5+ 1-0

[Event "Guernsey Open 2012"]
[Site "?"]
[Date "2012.10.24"]
[Round "4"]
[White "Slade, Theodore"]
[Black "Biswas, Karl"]
[Result "1/2-1/2"]
[WhiteElo "1716"]
[BlackElo "1858"]
[PlyCount "81"]
[EventDate "2012.10.21"]
[EventType "swiss"]
[SourceDate "2012.10.30"]

1. d4 e6 2. e4 d5 3. Nd2 c5 4. Ngf3 cxd4 5. Nxd4 Nc6 6. Nxc6 bxc6 7. exd5 cxd5
8. Nf3 Nf6 9. Bf4 Qb6 10. Bd3 Bd6 11. Bxd6 Qxd6 12. Qe2 O-O 13. O-O Rb8 14. b3
Bb7 15. Rad1 Rfc8 16. Rfe1 g6 17. Qe3 Ba6 18. Qxa7 Ra8 19. Qd4 Bxd3 20. cxd3 e5
21. Qxe5 Qxe5 22. Nxe5 Rxa2 23. Ra1 Rb2 24. Reb1 Re2 25. Nf3 Rc3 26. Kf1 Rcc2
27. Ne1 Rxf2+ 28. Kg1 Rb2 29. h3 Nh5 30. b4 Nf4 31. b5 Rxb1 32. Rxb1 Ra2 33. b6
Ra8 34. b7 Rb8 35. Kf2 Ne6 36. Rb5 Kf8 37. Nf3 Ke7 38. Ne5 Nd8 39. Rxd5 Rxb7
40. Kf3 Ne6 41. d4 1/2-1/2

[Event "Guernsey Open 2012"]
[Site "?"]
[Date "2012.10.24"]
[Round "4"]
[White "Von Saldern, Rudiger"]
[Black "Dennis, Nigel W"]
[Result "1-0"]
[WhiteElo "1999"]
[BlackElo "1915"]
[PlyCount "49"]
[EventDate "2012.10.21"]
[EventType "swiss"]
[SourceDate "2012.10.30"]

1. d4 Nf6 2. Nf3 g6 3. Bf4 Bg7 4. e3 c5 5. c3 cxd4 6. exd4 O-O 7. Bd3 d6 8. O-O
a6 9. Nbd2 b5 10. a4 bxa4 11. Qxa4 Bb7 12. Qb3 Qc7 13. Rfe1 Nh5 14. Bg5 e6 15.
Ne4 Nd7 16. Be7 Bxe4 17. Bxe4 Rab8 18. Qa3 d5 19. Bd3 Nf4 20. Bd6 Qxd6 21. Qxd6
Nxd3 22. Re3 Rfd8 23. Rxd3 Ne5 24. Qxd8+ Rxd8 25. Nxe5 1-0

[Event "Guernsey Open 2012"]
[Site "?"]
[Date "2012.10.25"]
[Round "5"]
[White "Hebden, Mark"]
[Black "Narciso, Marc"]
[Result "1/2-1/2"]
[WhiteElo "2529"]
[BlackElo "2535"]
[PlyCount "49"]
[EventDate "2012.10.21"]
[EventType "swiss"]
[SourceDate "2012.10.30"]

1. d4 e6 2. Nf3 Nf6 3. c3 c5 4. Bg5 d5 5. Nbd2 cxd4 6. cxd4 Be7 7. e3 Qb6 8.
Rb1 Bd7 9. a3 Bb5 10. Bxb5+ Qxb5 11. b4 O-O 12. Ne5 Rc8 13. a4 Qe8 14. f4 Ne4
15. Nxe4 dxe4 16. Bxe7 Qxe7 17. O-O Nc6 18. Qb3 Nxe5 19. fxe5 Rc7 20. d5 exd5
21. Qxd5 Re8 22. Qxe4 Qxe5 23. Qxe5 Rxe5 24. Rbc1 Ree7 25. Kf2 1/2-1/2

[Event "Guernsey Open 2012"]
[Site "?"]
[Date "2012.10.25"]
[Round "5"]
[White "Mack, Wolfgang"]
[Black "Godard, Maxence"]
[Result "1-0"]
[WhiteElo "2283"]
[BlackElo "2371"]
[PlyCount "101"]
[EventDate "2012.10.21"]
[EventType "swiss"]
[SourceDate "2012.10.30"]

1. c4 Nf6 2. g3 e6 3. Bg2 d5 4. Nf3 dxc4 5. O-O a6 6. a4 Nc6 7. a5 Bd7 8. Qc2
Nb4 9. Qd1 Bc6 10. b3 cxb3 11. Qxb3 Bd5 12. Qb2 b5 13. d4 c5 14. dxc5 Bxc5 15.
Bd2 Qe7 16. Rc1 Bd6 17. Nc3 Bb7 18. Nd4 Bxg2 19. Kxg2 Qb7+ 20. f3 Nbd5 21. Nxd5
Nxd5 22. e4 Ne7 23. Nxe6 fxe6 24. Qxg7 Rg8 25. Qxh7 Kd7 26. e5 Bxe5 27. Ra3 Rg7
28. Rd3+ Nd5 29. Qe4 Bd6 30. Bh6 Re7 31. Bg5 Rae8 32. Bxe7 Rxe7 33. Rcd1 Qc6
34. h4 Kc7 35. Kh2 Qc2+ 36. R3d2 Qc6 37. Rc2 Bc5 38. Rdc1 Kb7 39. Rxc5 Qd6 40.
Rc6 Qb4 41. Rb6+ Ka7 42. Qxb4 Nxb4 43. Re1 e5 44. Rd6 Nc2 45. Re2 Na3 46. Red2
b4 47. Rd7+ Rxd7 48. Rxd7+ Kb8 49. h5 Kc8 50. Rg7 b3 51. h6 1-0

[Event "Guernsey Open 2012"]
[Site "?"]
[Date "2012.10.25"]
[Round "5"]
[White "Houska, Jovanka"]
[Black "Lenier, Jude"]
[Result "1-0"]
[WhiteElo "2398"]
[BlackElo "2046"]
[PlyCount "83"]
[EventDate "2012.10.21"]
[EventType "swiss"]
[SourceDate "2012.10.30"]

1. d4 Nf6 2. Nf3 g6 3. c4 Bg7 4. g3 O-O 5. Bg2 d6 6. O-O Nbd7 7. Nc3 e5 8. e4
Re8 9. h3 a6 10. Be3 exd4 11. Nxd4 Nc5 12. Qc2 Qe7 13. Rae1 Nfxe4 14. Nd5 Qd8
15. b4 Ne6 16. Nxe6 fxe6 17. Bxe4 exd5 18. Bxd5+ Be6 19. Bxb7 Bxh3 20. Qd2 Rb8
21. Bg5 Qd7 22. Rxe8+ Rxe8 23. Re1 Rxe1+ 24. Qxe1 Be5 25. Qe3 Be6 26. Qa7 Bxc4
27. Bh6 Qe8 28. Bxa6 Bxa6 29. Qxa6 c6 30. a4 d5 31. Qd3 Bg7 32. Be3 d4 33. Bxd4
Qe1+ 34. Kg2 Qxb4 35. Bxg7 Kxg7 36. Qd7+ Kh6 37. Qxc6 Kg7 38. Qc7+ Kg8 39. Qd8+
Kg7 40. Qd7+ Kh6 41. Qe8 Qd6 42. Qa8 1-0

[Event "Guernsey Open 2012"]
[Site "?"]
[Date "2012.10.25"]
[Round "5"]
[White "Wager, John"]
[Black "Norman, Kenneth I"]
[Result "0-1"]
[WhiteElo "2023"]
[BlackElo "2190"]
[PlyCount "60"]
[EventDate "2012.10.21"]
[EventType "swiss"]
[SourceDate "2012.10.30"]

1. d4 Nf6 2. Nc3 d5 3. Bg5 Nbd7 4. f3 c6 5. e4 dxe4 6. fxe4 e5 7. dxe5 Qa5 8.
Bxf6 gxf6 9. e6 fxe6 10. a3 Nb6 11. Be2 Qc5 12. Qd3 Bd7 13. b4 Qg5 14. Nh3 Qh6
15. O-O O-O-O 16. Nf2 f5 17. a4 fxe4 18. Ncxe4 Rg8 19. c4 Be8 20. Qb3 Bg7 21.
a5 Be5 22. g3 Na8 23. c5 a6 24. Rad1 Nc7 25. Rxd8+ Kxd8 26. Bc4 Nd5 27. Re1 Kc7
28. Nd6 Bd4 29. Bxd5 cxd5 30. Qd3 Bxf2+ 0-1

[Event "Guernsey Open 2012"]
[Site "?"]
[Date "2012.10.25"]
[Round "5"]
[White "Sprotte, Norbert"]
[Black "Burrows, Martin"]
[Result "1/2-1/2"]
[WhiteElo "2145"]
[BlackElo "2108"]
[PlyCount "62"]
[EventDate "2012.10.21"]
[EventType "swiss"]
[SourceDate "2012.10.30"]

1. d4 Nf6 2. Nf3 e6 3. e3 b6 4. Bd3 Bb7 5. O-O c5 6. b3 Be7 7. Bb2 cxd4 8. exd4
d5 9. Nbd2 Nc6 10. Ne5 Nxe5 11. dxe5 Nd7 12. Qh5 g6 13. Qe2 O-O 14. c4 Nc5 15.
Bc2 dxc4 16. Nxc4 Qd5 17. Ne3 Qc6 18. Rfd1 Rfd8 19. Rac1 Bg5 20. b4 Bxe3 21.
fxe3 Ne4 22. Bd3 Qd7 23. a3 Rac8 24. Rxc8 Rxc8 25. Rc1 Rxc1+ 26. Bxc1 Qc6 27.
Qc2 Qxc2 28. Bxc2 Nc3 29. Bb2 Be4 30. Bb3 Bd5 31. Bc2 Be4 1/2-1/2

[Event "Guernsey Open 2012"]
[Site "?"]
[Date "2012.10.25"]
[Round "5"]
[White "Broek, Thomas"]
[Black "Morcom, Huw"]
[Result "1-0"]
[WhiteElo "2217"]
[BlackElo "1958"]
[PlyCount "95"]
[EventDate "2012.10.21"]
[EventType "swiss"]
[SourceDate "2012.10.30"]

1. Nf3 c5 2. e4 d6 3. d4 cxd4 4. Nxd4 Nf6 5. Nc3 a6 6. Bc4 Qc7 7. Bb3 g6 8. Bg5
Nbd7 9. Qd2 h6 10. Be3 Bg7 11. O-O Nc5 12. h3 Nxb3 13. axb3 Rb8 14. Nd5 Nxd5
15. exd5 Bd7 16. c4 Kf8 17. Rfc1 Kg8 18. b4 Kh7 19. c5 e5 20. Nb3 f5 21. f4 Bb5
22. Na5 Rhc8 23. Nc4 Bxc4 24. Rxc4 Bf8 25. b3 Ra8 26. Re1 dxc5 27. fxe5 Qxe5
28. Bxh6 Bxh6 29. Rh4 Qd4+ 30. Rxd4 Bxd2 31. Re7+ Kg8 32. Rxd2 cxb4 33. Rxb7
Rab8 34. Ra7 Ra8 35. Re7 Re8 36. Rc7 Red8 37. d6 a5 38. h4 Ra6 39. d7 Raa8 40.
Rd6 Kf7 41. Kh2 a4 42. bxa4 Rab8 43. Rc2 b3 44. Rb2 Rb4 45. g3 Rxa4 46. Rxb3
Ra7 47. Rbb6 Ra2+ 48. Kh3 1-0

[Event "Guernsey Open 2012"]
[Site "?"]
[Date "2012.10.25"]
[Round "5"]
[White "Prins, Jan"]
[Black "Goater, Kevin P"]
[Result "1/2-1/2"]
[WhiteElo "2040"]
[BlackElo "2147"]
[PlyCount "61"]
[EventDate "2012.10.21"]
[EventType "swiss"]
[SourceDate "2012.10.30"]

1. d4 g6 2. Nf3 Bg7 3. g3 b6 4. Bg2 Bb7 5. O-O e6 6. c4 Ne7 7. Nc3 d6 8. Bg5 h6
9. Bxe7 Qxe7 10. e4 O-O 11. Qd2 Nd7 12. Rad1 a6 13. b3 Rad8 14. Qc2 Qf6 15. Ne2
c5 16. a3 cxd4 17. Nfxd4 Qe7 18. b4 Rc8 19. Rc1 Rc7 20. Nf3 d5 21. exd5 exd5
22. Qd3 dxc4 23. Rxc4 Rxc4 24. Qxc4 Bxf3 25. Bxf3 Ne5 26. Qe4 Nxf3+ 27. Qxf3 a5
28. bxa5 bxa5 29. Nf4 Qc5 30. Qb3 Kh7 31. a4 1/2-1/2

[Event "Guernsey Open 2012"]
[Site "?"]
[Date "2012.10.25"]
[Round "5"]
[White "Havenaar, Jan"]
[Black "Thurlow, Kevin J"]
[Result "1/2-1/2"]
[WhiteElo "2111"]
[BlackElo "2025"]
[PlyCount "32"]
[EventDate "2012.10.21"]
[EventType "swiss"]
[SourceDate "2012.10.30"]

1. Nc3 Nf6 2. d4 c5 3. Bg5 e6 4. Ne4 d5 5. Nxc5 Bxc5 6. dxc5 Qa5+ 7. Qd2 Qxc5
8. Bxf6 gxf6 9. f4 Nc6 10. Nf3 Bd7 11. e3 O-O-O 12. a3 Kb8 13. O-O-O Rc8 14.
Kb1 Ne7 15. Bd3 Rc6 16. Qb4 Qxb4 1/2-1/2

[Event "Guernsey Open 2012"]
[Site "?"]
[Date "2012.10.25"]
[Round "5"]
[White "Dilleigh, Stephen"]
[Black "Lehmann, Stefan"]
[Result "1-0"]
[WhiteElo "2099"]
[BlackElo "1992"]
[PlyCount "41"]
[EventDate "2012.10.21"]
[EventType "swiss"]
[SourceDate "2012.10.30"]

1. d4 d5 2. c4 e5 3. dxe5 d4 4. Nf3 Nc6 5. a3 Bg4 6. Nbd2 Qd7 7. h3 Bxf3 8.
Nxf3 O-O-O 9. g3 Qe6 10. Qd3 Nxe5 11. Nxe5 Qxe5 12. Bg2 Nf6 13. O-O g5 14. f4
gxf4 15. Bxf4 Qe6 16. Qf3 c6 17. Bg5 Be7 18. Bxf6 Bxf6 19. Qxf6 Qxc4 20. Rac1
Qb5 21. Qf5+ 1-0

[Event "Guernsey Open 2012"]
[Site "?"]
[Date "2012.10.25"]
[Round "5"]
[White "Spanton, Timothy R"]
[Black "Purdon, Colin"]
[Result "0-1"]
[WhiteElo "1994"]
[BlackElo "2099"]
[PlyCount "106"]
[EventDate "2012.10.21"]
[EventType "swiss"]
[SourceDate "2012.10.30"]

1. c4 Nf6 2. g3 g6 3. Bg2 Bg7 4. Nc3 d6 5. d4 O-O 6. Nf3 Nbd7 7. e4 c6 8. O-O
e5 9. b3 Re8 10. d5 cxd5 11. cxd5 Nc5 12. Nd2 b6 13. b4 Nd3 14. Qb3 Nxc1 15.
Raxc1 a5 16. bxa5 bxa5 17. Nb5 Ba6 18. a4 Bh6 19. Rfd1 Bxd2 20. Rxd2 Qb6 21.
Rc6 Qb8 22. Qc3 Bxb5 23. axb5 Qxb5 24. Qf3 Qb4 25. Rd1 Kg7 26. g4 Re7 27. h4 h5
28. g5 Ne8 29. Rdc1 a4 30. R1c4 Qe1+ 31. Kh2 a3 32. Rc1 Qd2 33. R1c2 Qf4+ 34.
Qxf4 exf4 35. Ra2 Rc7 36. Bf1 Rxc6 37. dxc6 Nc7 38. Kg2 Ra7 39. Kf3 Ne6 40. c7
Nxc7 41. Kxf4 Ra4 42. Ke3 f6 43. f4 fxg5 44. fxg5 Na6 45. Bb5 Ra5 46. Bc4 Nb4
47. Rf2 Ra7 48. Ba2 Nxa2 49. Rxa2 Kf7 50. Kd4 Ke6 51. Ke3 Ke5 52. Kf3 Ra4 53.
Ra1 a2 0-1

[Event "Guernsey Open 2012"]
[Site "?"]
[Date "2012.10.25"]
[Round "5"]
[White "Wismayer, Clive R"]
[Black "Finke, Maurice"]
[Result "1/2-1/2"]
[WhiteElo "2099"]
[BlackElo "1910"]
[PlyCount "106"]
[EventDate "2012.10.21"]
[EventType "swiss"]
[SourceDate "2012.10.30"]

1. e4 c5 2. Nf3 e6 3. d3 Nc6 4. g3 g6 5. Bg2 Bg7 6. O-O Nge7 7. c3 e5 8. Nh4 d6
9. f4 exf4 10. gxf4 O-O 11. Nd2 Kh8 12. Ndf3 d5 13. Qe1 d4 14. c4 Bd7 15. Bd2
Rb8 16. Qg3 b5 17. b3 bxc4 18. bxc4 Nb4 19. Ne1 f5 20. e5 Na6 21. Nhf3 Nc7 22.
Rf2 h6 23. Bf1 Ne6 24. Rg2 Kh7 25. h4 Bh8 26. Bc1 Qc7 27. Qh3 Be8 28. Be2 h5
29. Ng5+ Nxg5 30. Rxg5 Bg7 31. Rg2 Bh6 32. Qg3 Rb6 33. Nf3 Nc6 34. Ng5+ Bxg5
35. fxg5 Nd8 36. Bf3 Bc6 37. Bd5 Qd7 38. Qf3 Ne6 39. a4 Rd8 40. a5 Ra6 41. Rb2
Bxd5 42. cxd5 Qxd5 43. Rb7+ Kg8 44. Qxd5 Rxd5 45. Bd2 Kf8 46. Rab1 Ng7 47. Rc7
Ne8 48. Rh7 Rxe5 49. Rbb7 Kg8 50. Rxa7 Rxa7 51. Rxa7 Re6 52. Bf4 Rc6 53. Kf2
Nd6 1/2-1/2

[Event "Guernsey Open 2012"]
[Site "?"]
[Date "2012.10.25"]
[Round "5"]
[White "Lewyk, Ihor"]
[Black "Bakker, Joop"]
[Result "1/2-1/2"]
[WhiteElo "2079"]
[BlackElo "1982"]
[PlyCount "54"]
[EventDate "2012.10.21"]
[EventType "swiss"]
[SourceDate "2012.10.30"]

1. Nf3 g6 2. d4 Bg7 3. e4 c6 4. Bd3 d5 5. exd5 cxd5 6. O-O Nc6 7. c3 Nf6 8. Re1
Bg4 9. h3 Bxf3 10. Qxf3 O-O 11. Nd2 Rc8 12. Nb3 Re8 13. Bf4 Na5 14. Bb5 Rf8 15.
Nc5 a6 16. Bd3 Qb6 17. b4 Nc6 18. a4 Rfe8 19. a5 Qa7 20. Be5 Red8 21. Bc2 Nxe5
22. dxe5 Nd7 23. Nxd7 Rxd7 24. Ba4 Rdc7 25. Qxd5 e6 26. Qd4 Qxd4 27. cxd4 Rc4
1/2-1/2

[Event "Guernsey Open 2012"]
[Site "?"]
[Date "2012.10.25"]
[Round "5"]
[White "Bullen, Alex"]
[Black "Maloberti, David"]
[Result "0-1"]
[WhiteElo "1821"]
[BlackElo "2045"]
[PlyCount "86"]
[EventDate "2012.10.21"]
[EventType "swiss"]
[SourceDate "2012.10.30"]

1. e4 e6 2. d4 d5 3. Nc3 Bb4 4. e5 c5 5. Bd2 cxd4 6. Nb5 Bf8 7. f4 Nc6 8. Nf3
Qb6 9. a4 Nh6 10. a5 Qd8 11. Nbxd4 f6 12. Bb5 Bd7 13. Qe2 Bc5 14. Bxc6 bxc6 15.
b4 Bxd4 16. Nxd4 O-O 17. O-O Qe7 18. exf6 Rxf6 19. f5 e5 20. Bg5 Qxb4 21. Nf3
Rxf5 22. Rfb1 Qc5+ 23. Be3 d4 24. Bxh6 gxh6 25. Kh1 Qd5 26. Rb7 c5 27. Qa6 Rxf3
28. Rxd7 Qxd7 29. gxf3 Qf7 30. Rg1+ Kh8 31. Rg3 Rg8 32. Rxg8+ Kxg8 33. Qc8+ Kg7
34. Qg4+ Kf6 35. Qh4+ Ke6 36. Qxh6+ Kd5 37. c4+ Kxc4 38. Qa6+ Kb4 39. Qc6 d3
40. Qe4+ c4 41. a6 d2 42. Qb1+ Kc5 43. Kg2 Qg6+ 0-1

[Event "Guernsey Open 2012"]
[Site "?"]
[Date "2012.10.25"]
[Round "5"]
[White "Jackson, Oliver A"]
[Black "Canonne, Antoine"]
[Result "1-0"]
[WhiteElo "2189"]
[BlackElo "2014"]
[PlyCount "157"]
[EventDate "2012.10.21"]
[EventType "swiss"]
[SourceDate "2012.10.30"]

1. e4 c5 2. Nc3 e6 3. f4 d5 4. Nf3 dxe4 5. Nxe4 Nf6 6. Nxf6+ Qxf6 7. g3 Bd7 8.
Ne5 Bc6 9. Nxc6 Nxc6 10. Bg2 Rc8 11. d3 Be7 12. O-O O-O 13. c3 Rfd8 14. Be4 g6
15. Be3 Qg7 16. Qe2 b6 17. g4 f5 18. Bf3 Rd6 19. Bf2 Rcd8 20. Rfe1 R8d7 21. Kh1
Qf7 22. Rad1 Bf6 23. Qf1 Ne7 24. Qg2 Rxd3 25. Rxd3 Rxd3 26. Be2 Rd8 27. Bc4 Kh8
28. Bxe6 Qf8 29. g5 Bg7 30. Bc4 Nc8 31. Qf3 Nd6 32. Bd5 Re8 33. Rd1 Ne4 34. Be1
Re7 35. Bc6 Re6 36. Bb5 Rd6 {(=)} 37. Kg2 Qd8 38. Rd3 Rxd3 39. Qxd3 Qxd3 40.
Bxd3 Nd6 41. Kf3 Kg8 42. Bc2 Kf8 43. Bb3 c4 44. Ba4 Ke7 45. Bc6 Ke6 46. Bf2 Nc8
47. h4 Kd6 48. Bb5 Kd5 49. Bd7 Nd6 50. a4 Ne4 51. Be3 Bf8 52. h5 Nd6 53. hxg6
hxg6 54. Bd4 Be7 55. Be5 Ne4 56. Bb8 a6 57. Be8 Nc5 58. Bf7+ Kc6 59. Bxg6 Nxa4
60. Be8+ Kb7 61. Bxa4 Kxb8 62. Bc2 Kc7 63. Bxf5 a5 64. Kg4 a4 65. Be6 b5 66. f5
Kd6 67. Bf7 Ke5 68. Be8 b4 69. Bxa4 bxc3 70. bxc3 Bd8 71. Bb5 Ba5 72. Bxc4 Bxc3
73. Bd3 Kd6 74. Kh5 Ke7 75. Kg6 Kf8 76. Bc4 Bd4 77. f6 Bb6 78. Kf5 Be3 79. g6
1-0

[Event "Guernsey Open 2012"]
[Site "?"]
[Date "2012.10.25"]
[Round "5"]
[White "Gant, Christopher"]
[Black "Kirby, Peter"]
[Result "1-0"]
[WhiteElo "2170"]
[BlackElo "1999"]
[PlyCount "61"]
[EventDate "2012.10.21"]
[EventType "swiss"]
[SourceDate "2012.10.30"]

1. e4 c5 2. Nf3 Nc6 3. d4 cxd4 4. Nxd4 g6 5. c4 Nf6 6. Nc3 d6 7. Be2 Nxd4 8.
Qxd4 Bg7 9. O-O O-O 10. Bg5 h6 11. Bh4 Be6 12. Qd2 Qa5 13. Rad1 Kh8 14. f3 Qh5
15. Bg3 Rfc8 16. b3 Qa5 17. Bf2 Nd7 18. Bd4 Kh7 19. f4 Bxd4+ 20. Qxd4 f6 21. f5
Bf7 22. fxg6+ Bxg6 23. Bg4 Rd8 24. Nd5 Ne5 25. Bf5 Nc6 26. Bxg6+ Kxg6 27. Nxe7+
Nxe7 28. Qxf6+ Kh5 29. Rd5+ Nxd5 30. Qf5+ Kh4 31. g3# 1-0

[Event "Guernsey Open 2012"]
[Site "?"]
[Date "2012.10.25"]
[Round "5"]
[White "Hawkins, Nick"]
[Black "Hamperl, Fred"]
[Result "1/2-1/2"]
[WhiteElo "2001"]
[BlackElo "2130"]
[PlyCount "35"]
[EventDate "2012.10.21"]
[EventType "swiss"]
[SourceDate "2012.10.30"]

1. e4 c5 2. Nc3 Nc6 3. g3 d6 4. Bg2 g6 5. Nge2 Bg7 6. O-O e5 7. d3 Nge7 8. Be3
O-O 9. Qd2 Nd4 10. Nd1 Be6 11. c4 Qd7 12. Ndc3 Bh3 13. Nd5 Nxd5 14. cxd5 Bxg2
15. Kxg2 f5 16. f4 Rae8 17. fxe5 Bxe5 18. Bxd4 1/2-1/2

[Event "Guernsey Open 2012"]
[Site "?"]
[Date "2012.10.25"]
[Round "5"]
[White "Van Dijk, Bram"]
[Black "Brookfield, Toby"]
[Result "1-0"]
[WhiteElo "2083"]
[BlackElo "1824"]
[PlyCount "51"]
[EventDate "2012.10.21"]
[EventType "swiss"]
[SourceDate "2012.10.30"]

1. e4 c5 2. Nc3 d6 3. Bc4 g6 4. d3 Bg7 5. Nge2 e6 6. O-O Ne7 7. Bg5 h6 8. Bh4
g5 9. Bg3 O-O 10. f4 Nbc6 11. Qd2 d5 12. exd5 exd5 13. Bb3 Nf5 14. fxg5 hxg5
15. Nxd5 Ncd4 16. Nxd4 Nxg3 17. hxg3 Bxd4+ 18. Kh1 Kg7 19. Ne3 Qc7 20. c3 Qxg3
21. cxd4 f5 22. Kg1 cxd4 23. Rf3 dxe3 24. Qxe3 Qd6 25. Qxg5+ Qg6 26. Qe7+ 1-0

[Event "Guernsey Open 2012"]
[Site "?"]
[Date "2012.10.25"]
[Round "5"]
[White "Ippel, Cornelius J"]
[Black "Haria, Ravi"]
[Result "0-1"]
[WhiteElo "1935"]
[BlackElo "2034"]
[PlyCount "104"]
[EventDate "2012.10.21"]
[EventType "swiss"]
[SourceDate "2012.10.30"]

1. d4 Nf6 2. c4 c5 3. d5 b5 4. b3 e6 5. dxe6 fxe6 6. cxb5 d5 7. e3 Bd6 8. Nf3
O-O 9. Bb2 Nbd7 10. Nbd2 Qe7 11. Qc2 Bb7 12. Bd3 e5 13. e4 Kh8 14. O-O Rad8 15.
exd5 Bxd5 16. Ne4 Nxe4 17. Bxe4 Bxe4 18. Qxe4 Rf4 19. Qe3 e4 20. Nd2 Nb6 21. g3
Rg4 22. h3 Rg6 23. Qxe4 Qd7 24. Qg2 Qxb5 25. Ne4 c4 26. Nxd6 Rgxd6 27. Qf3 Rd3
28. Rfd1 Qc5 29. Rxd3 cxd3 30. Qf7 Qg5 31. Re1 Qg6 32. Qe7 Rg8 33. Rd1 Nd5 34.
Qe5 Nb4 35. Qd4 Qh5 36. Qg4 Qxg4 37. hxg4 Rd8 38. a3 Nc6 39. Kf1 Na5 40. Rb1
Nxb3 41. Ke1 Kg8 42. Bxg7 d2+ 43. Kd1 Nc5 44. Bh6 Ne4 45. Kc2 Rc8+ 46. Kd3
d1=Q+ 47. Rxd1 Nxf2+ 48. Ke2 Nxd1 49. Kxd1 Rc3 50. Bf4 Rxa3 51. Kc2 Kf7 52. Kb2
Rf3 0-1

[Event "Guernsey Open 2012"]
[Site "?"]
[Date "2012.10.25"]
[Round "5"]
[White "Vonhoff, Nils"]
[Black "Archer, Richard"]
[Result "0-1"]
[WhiteElo "1777"]
[BlackElo "2022"]
[PlyCount "86"]
[EventDate "2012.10.21"]
[EventType "swiss"]
[SourceDate "2012.10.30"]

1. e4 c5 2. Nf3 d6 3. d4 cxd4 4. Nxd4 Nf6 5. Nc3 a6 6. Be3 b5 7. f3 e6 8. g4
Bb7 9. Qd2 Nc6 10. h4 Rc8 11. O-O-O Be7 12. h5 h6 13. Nce2 Qa5 14. Qxa5 Nxa5
15. Ng3 Nc4 16. Bxc4 bxc4 17. c3 Nd7 18. Kc2 O-O 19. b4 Ne5 20. Rdf1 d5 21.
exd5 Bxd5 22. Rhg1 Bg5 23. Bxg5 hxg5 24. a4 Ra8 25. Ne4 Nxf3 26. Nf6+ gxf6 27.
Nxf3 Bc6 28. a5 Rad8 29. Nd2 Ba4+ 30. Kc1 Rd3 31. Ne4 Bc6 32. Nxf6+ Kg7 33. Kc2
Rfd8 34. Rf2 Ba4+ 35. Kc1 Rxc3+ 36. Kb1 Rb3+ 37. Ka2 Rdd3 38. Rgf1 Ra3+ 39. Kb1
Rdb3+ 40. Kc1 Ra1+ 41. Kd2 Rd3+ 42. Ke2 Ra2+ 43. Ke1 Rd1# 0-1

[Event "Guernsey Open 2012"]
[Site "?"]
[Date "2012.10.25"]
[Round "5"]
[White "Fathallah, Joe"]
[Black "Collier, David O"]
[Result "1/2-1/2"]
[WhiteElo "1986"]
[BlackElo "2098"]
[PlyCount "59"]
[EventDate "2012.10.21"]
[EventType "swiss"]
[SourceDate "2012.10.30"]

1. d4 Nf6 2. c4 e6 3. Nc3 Bb4 4. Qc2 c5 5. dxc5 Na6 6. a3 Qa5 7. Bd2 Nxc5 8.
Rc1 Bxc3 9. Bxc3 Qa4 10. b4 Qxc2 11. Rxc2 Na4 12. Bd4 d6 13. Nf3 Ke7 14. e3 e5
15. Ba1 Bf5 16. Rc1 Rhc8 17. Be2 Nd7 18. O-O f6 19. Nd2 Rc7 20. f4 Be6 21. fxe5
Nxe5 22. Bd4 Rac8 23. Bd1 Nb6 24. c5 Nbd7 25. cxd6+ Kxd6 26. Ne4+ Ke7 27. Rxc7
Rxc7 28. Nc5 Bc4 29. Rf2 Nc6 30. Be2 1/2-1/2

[Event "Guernsey Open 2012"]
[Site "?"]
[Date "2012.10.25"]
[Round "5"]
[White "Taylor, Mark V"]
[Black "Oehne, Timo"]
[Result "1/2-1/2"]
[WhiteElo "2098"]
[BlackElo "1926"]
[PlyCount "64"]
[EventDate "2012.10.21"]
[EventType "swiss"]
[SourceDate "2012.10.30"]

1. d4 Nf6 2. c4 e6 3. Nf3 b6 4. g3 Bb7 5. Bg2 Bb4+ 6. Bd2 Be7 7. O-O O-O 8. Nc3
d6 9. Qc2 Nbd7 10. e4 a6 11. Rfe1 Rb8 12. h3 c5 13. e5 Ne8 14. Ne4 cxd4 15.
exd6 Nxd6 16. Nxd4 Bxe4 17. Bxe4 Nxe4 18. Qxe4 Nc5 19. Qe3 Rc8 20. Rad1 Bf6 21.
Bc3 Qc7 22. b3 Rfd8 23. Nf3 Bxc3 24. Qxc3 Qb7 25. Qe3 h6 26. Ne5 a5 27. Rd4 f6
28. Nd3 Rxd4 29. Qxd4 e5 30. Nxc5 bxc5 31. Qd6 Qc7 32. Qd5+ Kf8 1/2-1/2

[Event "Guernsey Open 2012"]
[Site "?"]
[Date "2012.10.25"]
[Round "5"]
[White "Campbell, Ian"]
[Black "Casiot, David"]
[Result "1/2-1/2"]
[WhiteElo "2000"]
[BlackElo "2046"]
[PlyCount "53"]
[EventDate "2012.10.21"]
[EventType "swiss"]
[SourceDate "2012.10.30"]

1. d4 f5 2. e3 Nf6 3. f4 e6 4. Nf3 b6 5. c4 Bb7 6. Be2 Bb4+ 7. Bd2 Bxd2+ 8.
Qxd2 O-O 9. O-O d6 10. Nc3 Nbd7 11. b4 Ne4 12. Nxe4 Bxe4 13. Ng5 Qe7 14. Nxe4
fxe4 15. Qc2 Nf6 16. a3 c5 17. dxc5 bxc5 18. bxc5 dxc5 19. h3 e5 20. f5 g5 21.
fxg6 hxg6 22. Rab1 Rad8 23. Rfd1 Rxd1+ 24. Rxd1 Rd8 25. Rxd8+ Qxd8 26. Kf2 Kg7
27. Qc3 1/2-1/2